[Event "FRA-ch op-B"]
[Site "Aix les Bains"]
[Date "2003.08.21"]
[Round "3"]
[White "Druet, Roger"]
[Black "Thevenot, Jeremie"]
[Result "1/2-1/2"]
[WhiteElo "1830"]
[BlackElo "1670"]
[PlyCount "59"]
[EventDate "2003.08.19"]
[EventType "swiss"]
[EventRounds "9"]
[EventCountry "FRA"]
[SourceTitle "EXT 2004"]
[Source "ChessBase"]
[SourceDate "2003.11.25"]
[SourceVersion "1"]
[SourceVersionDate "2003.11.25"]
[SourceQuality "1"]

1. c4 Nf6 2. d4 g6 3. Nc3 Bg7 4. e4 d6 5. h3 0-0 6. Nf3 Nbd7 7. Be2 e5 8. dxe5 Nxe5 9. Nxe5 dxe5 10. Bg5 Qxd1+ 11. Rxd1 Be6 12. b3 Rad8 13. 0-0 a6 14. Nd5 Bxd5 15. cxd5 h6 16. Bxf6 Bxf6 17. Rc1 Rd7 18. Rc4 Bg5 19. g3 f5 20. exf5 gxf5 21. Rd1 Rfd8 22. Kf1 c6 23. f4 cxd5 24. Rc5 exf4 25. gxf4 Bxf4 26. Rcxd5 Rxd5 27. Bc4 Kg7 28. Rxd5 Rxd5 29. Bxd5 b6 30. Ke2 1/2-1/2